000 00558nam a2200181Ia 4500
005 20250609095902.0
008 240126s9999 xx 000 0 und d
020 _a9788186976784
082 _a344.046 POD;2 R
100 _aPoddar, Alpana.
245 0 _aLal's encyclopaedia on environment protection and pollution laws : along with allied laws, state acts, rules, notifications and latest amendments Vol.2
250 _a5th ed.
260 _bDelhi Law House
_aNew Delhi
300 _aI, 3385+I78
440 _aNULL
650 _a123
942 _cLL
999 _c280459
_d280459